000 00548nam a2200205Ia 4500
005 20250326142328.0
008 250326s9999 xx 000 0 und d
020 _a0-07-112703-8
037 _aTextbook
040 _aFMSL
_beng
_cFMSL
041 _aeng
_2eng
084 _aX3:8M N1;2
_qFMSL
100 _aMurphy H A
245 0 _aEffective business communications
_cMurphy H A; Hildebrandt H W
250 _a6
260 _aNY
_bNY, Macmillan
_c1991
300 _a864p
942 _cTB
_hX3:8M N1;2
999 _c1294505
_d1294505